• Bible.

di Uniform Title

Records bibliografici associati: 1

001 - CONTROL NUMBER

  • control field: 56754

003 - CONTROL NUMBER IDENTIFIER

  • control field:

005 - DATE AND TIME OF LATEST TRANSACTION

  • control field: 20180120120347.0

008 - FIXED-LENGTH DATA ELEMENTS

  • fixed length control field: 180120|| aca||aabn | a|a d

040 ## - CATALOGING SOURCE

  • Original cataloging agency:
  • Transcribing agency:

130 ## - HEADING--UNIFORM TITLE

  • Uniform title: Bible.
  • Name of part/section of a work: Jude
  • Form subdivision: Commentaries.

670 ## - SOURCE DATA FOUND

  • Source citation: Work cat.: ()0: Mazzeo, Michele. 56751, Lettere di Pietro, Lettera di Giuda /, 2016 (2 ed.)
CREDITS: SOCIETA' SAN PAOLO Via A.Severo, 58 - ROMA (RM) & PERIODICI SAN PAOLO SRL Via Giotto, 36 MILANO & CISF Via Giotto, 36 MILANO & EDIZIONI SAN PAOLO SRL,  Piazza Soncino, 5 CINISELLO BALSAMO (MI) -- ITALY